Nombre completo de Santa Anna - Estadísticas

Estadísticas generales
  • Esta prueba ha sido intentada 48 veces
  • La puntuación promedio es 5 de 13
Estadísticas de respuestas
Name % Correcto
Antonio
88%
de
63%
Anna
50%
de
38%
López
38%
María
38%
Padua
38%
Santa
38%
de
25%
Lebrón
25%
Pérez
25%
Severino
25%
y
25%
No se encontraron pruebas coincidentes
Distribución de puntuación
Porcentaje de gente con cada puntuación
Porcentaje por número respondido
Historial de tus puntuaciones
No has intentado esta prueba.